| 000 | 00923cam a2200301Li 4500 | ||
|---|---|---|---|
| 001 | 98617 | ||
| 005 | 20230411085747.0 | ||
| 008 | 980625s1992 ilua 000 0 eng d | ||
| 035 | _9(DLC) 90084190 | ||
| 035 | _a3891369 | ||
| 942 |
_2lcc _cbk |
||
| 010 | _a 90084190 | ||
| 020 | _a0852295537 (set) | ||
| 040 |
_aDLC _cDLC |
||
| 050 | 1 | 4 |
_aR AE 5 _bN532 1992 |
| 082 | 0 | 0 | _a031 |
| 245 | 0 | 4 | _aThe New encyclopaedia Britannica. |
| 260 |
_aChicago : _bEncyclopaedia Britannica, _cc1992. |
||
| 300 |
_a32 v. : _bill. (some col.) ; _c29 cm. |
||
| 500 | _aSpine title: Britannica. | ||
| 504 | _aIncludes bibliographical references. | ||
| 505 | 0 | _av. 1-12. Micropaedia -- v. 13-29. Macropaedia -- [30] Propaedia -- [31]-[32] Index. | |
| 650 | 0 | _aEncyclopedias and dictionaries. | |
| 650 | 4 | _aEnciclopedias y diccionarios | |
| 710 | 2 | _aEncyclopaedia Britannica, inc. | |
| 740 | 0 | _aBritannica. | |
| 922 | _aad | ||
| 999 |
_c107065 _d107065 |
||